00897 2200301 4500035002000000001002100020005001700041006001900058007000300077008004100080020002300121040002000144082002300164084002300187100003100210245008500241250001100326260003500337300004200372500002800414650001700442650003200459700002800491850001300519990002100532990002100553990002100574 a0010-0818000790INLIS00000000062350220160519154556.0aa g ||0 0 ta141024s2014 jkia g ||0 0 ind  a 978-979-709-824-7 a JKPNPNA b ind042 [23]a 629.130 3  a R 629.130 3 SIN a0 a Singgih Handoyo, d 1961-10a Aviapedia : b Ensiklopedia umum penerbangan / c Singgih Handoyo, Dudi Dudibyo a Cet.1 a Jakarta : b Kompas, c 2014. a jil. : b ilus. berwarna ; c 21 cm. a Yang diterima : Jil. 2 4a Penerbangan 4a Penerbangan v Ensiklopedi0 a Dudi Sudibyo, d 1944- a JKPNPNA a 201400102002726 a 201400103002727 a 201600103002080